Football Teams Édgar Badía Played For - Statistics

General Stats
  • This quiz has been taken 13 times
    11 since last reset
  • The average score is 3 of 5
Answer Stats
League Years Team % Correct
Spain 2019-2024 Elche CF
88%
Spain 2010-2013 RCD Espanyol B
63%
Spain 2024- Real Zaragoza
50%
Spain 2013-2014 Recreativo Granada
50%
Spain 2014-2019 CF Reus Deportiu
38%
No matching quizzes found
Score Distribution
Percent of People with Each Score
Percentile by Number Answered
Your Score History
You have not taken this quiz since the last reset